Name The Country Who Owns That Island - Statistics

General Stats
  • This quiz has been taken 1,440 times
  • The average score is 14 of 16
Answer Stats
Island Country % Correct
Tasmania Australia
97%
Java Indonesia
97%
Tobago Trinidad and Tobago
97%
Great Britain United Kingdom
96%
Madagascar Madagascar
95%
Puerto Rico United States
95%
Bahrain Bahrain
94%
Sardinia Italy
94%
Hokkaido Japan
94%
Singapore Singapore
94%
Baffin Island Canada
86%
South Island New Zealand
83%
Aruba Netherlands
81%
Zealand Denmark
73%
Bora Bora France
59%
Socotra Yemen
47%
No matching quizzes found
Score Distribution
Percent of People with Each Score
Percentile by Number Answered
Your Score History
You have not taken this quiz